Bundesliga: 100+ Goals (2000-) - Statistics

General Stats
  • This quiz has been taken 98 times
  • The average score is 9 of 11
Answer Stats
Ranking Player Positions Nationality Matches Goals (assists) Periods Clubs % Correct
1 Robert Lewandowski FW 384 312 (56) 2010-2022
100%
5 Thomas Müller MF, FW 503 150 (174) 2008-2025
99%
4 Marco Reus MF, FW 391 156 (95) 2009-2024
93%
2 Claudio Pizarro FW 465 187 (57) 2000-2006, 2008-2020
91%
3 Mario Gómez FW 328 170 (28) 2003-2012, 2016-2019
91%
9 Miroslav Klose FW 304 120 (53) 2000-2011
86%
8 Andrej Kramarić MF, FW 286 126 (54) 2015-2025
85%
11 Timo Werner MF, FW 257 102 (39) 2013-2019, 2022-2024
80%
6 Stefan Kießling MF, FW 403 144 (51) 2002-2003, 2004-2018
76%
7 Vedad Ibišević FW 344 127 (39) 2006-2007, 2008-2021
68%
10 Kevin Kurányi FW 273 111 (46) 2001-2009, 2015-2016
52%
No matching quizzes found
Score Distribution
Percent of People with Each Score
Percentile by Number Answered
Your Score History
You have not taken this quiz